| 000 | 00515nam a2200157 a 4500 | ||
|---|---|---|---|
| 005 | 20260322212003.0 | ||
| 008 | data | ||
| 092 | _a808.83 J9 1912 | ||
| 100 | 1 |
_aKipling, Rudyard, _d1865-1936. |
|
| 245 | 1 | 0 |
_aJust so stories/ _cRudyard Kipling. |
| 260 |
_aNew York : _bDoubleday & Company, Inc, _cc1912. |
||
| 300 |
_aBook 247 p. : ill. ; _b25 cm. |
||
| 650 | 0 |
_aAnimals _xFiction |
|
| 856 | 4 | 0 |
_uhttps://openlibrary.org/books/OL7032392M/Just_so_stories _yOnline access from the Open Library. _zRequires free sign up. |
| 001 | data | ||
| 999 |
_c11 _d11 |
||